[Event "Nachod op"]
[Site "Nachod"]
[Date "2012.07.07"]
[Round "8"]
[White "Michl, Zdenek"]
[Black "Tumova, Anna"]
[Result "1/2-1/2"]
[WhiteElo "1604"]
[BlackElo "1285"]
[PlyCount "46"]
[EventDate "2012.06.30"]
[EventType "swiss"]
[EventRounds "9"]
[EventCountry "CZE"]
[SourceTitle "CBM 149 Extra"]
[Source "ChessBase"]
[SourceDate "2012.08.24"]
[SourceVersion "1"]
[SourceVersionDate "2012.08.24"]
[SourceQuality "1"]

1. d4 d5 2. Nc3 Nf6 3. Bf4 Bf5 4. e3 e6 5. a3 Bd6 6. Bxd6 Qxd6 7. Nf3 Nbd7 8. Bd3 Bg6 9. h3 0-0-0 10. Qe2 Bxd3 11. Qxd3 Rde8 12. 0-0-0 e5 13. dxe5 Nxe5 14. Nxe5 Rxe5 15. f4 Re7 16. Rhe1 c6 17. g3 Qc7 18. Qf5+ Kb8 19. e4 dxe4 20. Nxe4 Nxe4 21. Rxe4 Rxe4 22. Qxe4 g6 23. Qd4 Rg8 1/2-1/2

[Event "Nachod op"]
[Site "Nachod"]
[Date "2012.07.02"]
[Round "3"]
[White "Michl, Zdenek"]
[Black "Sedlacek, Jan"]
[Result "0-1"]
[WhiteElo "1604"]
[BlackElo "1919"]
[PlyCount "64"]
[EventDate "2012.06.30"]
[EventType "swiss"]
[EventRounds "9"]
[EventCountry "CZE"]
[SourceTitle "CBM 149 Extra"]
[Source "ChessBase"]
[SourceDate "2012.08.24"]
[SourceVersion "1"]
[SourceVersionDate "2012.08.24"]
[SourceQuality "1"]

1. d4 Nf6 2. Nc3 d5 3. Bf4 c6 4. h3 e6 5. Nf3 Bb4 6. Bd2 Nbd7 7. e3 0-0 8. Bd3 c5 9. a3 Ba5 10. Be2 Bc7 11. 0-0 Ne4 12. Rb1 f5 13. Nxe4 fxe4 14. Nh2 cxd4 15. exd4 Nf6 16. g3 e5 17. Ng4 Nxg4 18. Bxg4 Bxg4 19. Qxg4 exd4 20. Rbd1 Bb6 21. Kg2 Qc8 22. Qxc8 Rfxc8 23. Rc1 Rc6 24. c3 e3 25. fxe3 dxe3 26. Be1 d4 27. Kf3 Rf8+ 28. Ke2 Rxf1 29. Kxf1 d3 30. Rb1 Rf6+ 31. Kg2 d2 32. Bxd2 Rf2+ 0-1

[Event "Nachod op"]
[Site "Nachod"]
[Date "2012.07.01"]
[Round "2"]
[White "Peniska, Pavel"]
[Black "Michl, Zdenek"]
[Result "1/2-1/2"]
[WhiteElo "1923"]
[BlackElo "1604"]
[PlyCount "90"]
[EventDate "2012.06.30"]
[EventType "swiss"]
[EventRounds "9"]
[EventCountry "CZE"]
[SourceTitle "CBM 149 Extra"]
[Source "ChessBase"]
[SourceDate "2012.08.24"]
[SourceVersion "1"]
[SourceVersionDate "2012.08.24"]
[SourceQuality "1"]

1. e4 e5 2. Nf3 d6 3. d4 exd4 4. Nxd4 Nf6 5. Nc3 a6 6. Bd3 Be7 7. 0-0 0-0 8. h3 c5 9. Nf3 Nc6 10. Bf4 Be6 11. Re1 Nd7 12. Nd5 Nde5 13. Nxe7+ Qxe7 14. Bxe5 dxe5 15. c3 Rad8 16. Qe2 Rd7 17. Bc4 Rfd8 18. Bxe6 Qxe6 19. b3 h6 20. Rad1 f6 21. Kh2 Kf8 22. g3 Ne7 23. Kg2 Ke8 24. Nh2 Qc6 25. f3 Rxd1 26. Rxd1 Rxd1 27. Qxd1 Qd7 28. Qe2 Qd8 29. Nf1 Qa5 30. Qd2 Qd8 31. Kf2 Qxd2+ 32. Nxd2 Kd7 33. f4 exf4 34. gxf4 Nc6 35. Nf3 Ke6 36. Ke3 g5 37. f5+ Kd6 38. Nh2 Ne5 39. Ng4 Nxg4+ 40. hxg4 b5 41. a3 Ke5 42. b4 c4 43. Kf3 Kd6 44. Ke2 Kd7 45. Ke3 Kc6 1/2-1/2

[Event "Nachod op"]
[Site "Nachod"]
[Date "2012.06.30"]
[Round "1"]
[White "Michl, Zdenek"]
[Black "Lizner, Milan"]
[Result "1/2-1/2"]
[WhiteElo "1604"]
[BlackElo "2019"]
[PlyCount "27"]
[EventDate "2012.06.30"]
[EventType "swiss"]
[EventRounds "9"]
[EventCountry "CZE"]
[SourceTitle "CBM 149 Extra"]
[Source "ChessBase"]
[SourceDate "2012.08.24"]
[SourceVersion "1"]
[SourceVersionDate "2012.08.24"]
[SourceQuality "1"]

1. d4 f5 2. Nf3 Nf6 3. Nc3 g6 4. e3 d6 5. Bc4 e6 6. h4 h6 7. Bd3 Nc6 8. e4 Nb4 9. e5 Nfd5 10. Nxd5 Nxd3+ 11. Qxd3 exd5 12. Qe2 Be7 13. Bd2 Kf7 14. 0-0-0 1/2-1/2